| 000 | 00695nam a2200217 a 4500 | ||
|---|---|---|---|
| 003 | BD-DhJNU | ||
| 005 | 20250717045513.0 | ||
| 008 | 850314s1986 mauaf b 001 0 eng | ||
| 010 | _a85060972 | ||
| 020 | _a0669076791 | ||
| 040 |
_aBD-DhJNU _bENG _cBD-DhJNU _dBD-DhJNU |
||
| 082 | 0 | 0 |
_a324.7 WIA _223 |
| 100 | 1 | _aWilson, James Q. | |
| 245 | 1 | 0 |
_aAmerican government : _binstitutions and policies / _cJames Q. Wilson. |
| 250 | _a3rd ed. | ||
| 260 |
_aLexington, Mass. : _bD.C. Heath, _cc1986. |
||
| 300 |
_axv, 642, 88 p., [16] p. of plates : _bill. (some col.) ; _c25 cm. |
||
| 504 | _aIncludes bibliographies and indexes. | ||
| 651 | 0 |
_aUnited States _xPolitics and government. |
|
| 942 | _cBK | ||
| 999 |
_c1912 _d1912 |
||